Personnalités photographiées avec Jacques Chirac - Statistiques

Statistiques générales
  • Ce quiz a été pris 1 865 fois
  • Le résultat moyen est 15 sur 20
Statistiques - réponses
Par images Réponse % Correct
Elizabeth II
100%
Nicolas Sarkozy
98%
Angela Merkel
96%
Zinédine Zidane
94%
François Mitterrand
90%
Simone Veil
89%
Johnny Hallyday
84%
Michel Drucker
83%
George W. Bush
82%
Lionel Jospin
82%
Bernadette Chirac
81%
François Bayrou
75%
Line Renaud
74%
Roselyne Bachelot
67%
Dominique de Villepin
66%
Jean-Paul Belmondo
65%
Alain Juppé
54%
Edouard Balladur
47%
Boris Eltsine
39%
Brahim Asloum
14%
Aucun quiz correspondant
Distribution des résultats
% des personnes avec chaque résultat
Percentile par nombre de réponses
Votre historique - résultats
Vous n’avez pas pris ce quiz